Managerial Economics: (Record no. 207115)

MARC details
000 -LEADER
fixed length control field 00822nam a22002417a 4500
005 - DATE AND TIME OF LATEST TRANSACTION
control field 20241128114647.0
010 ## - LCCN (DPL NO)
LC control number ENG-142694
020 ## - INTERNATIONAL STANDARD BOOK NUMBER
Terms of availability 835.00
International Standard Book Number 9789361591068
035 ## - SYSTEM CONTROL NUMBER
System control number EN-126226
037 ## - SOURCE OF ACQUISITION
Source of stock number/acquisition DBAD
082 ## - DEWEY DECIMAL CLASSIFICATION NUMBER
Classification number 330
Edition number 7
100 ## - MAIN ENTRY--PERSONAL NAME
Personal name Keat, Paul G.
245 ## - TITLE STATEMENT
Title Managerial Economics:
Remainder of title Economic Tools for Todays Decision Makers/
Statement of responsibility, etc By Paul G. Keat...[et.al]
250 ## - EDITION STATEMENT
Edition statement 7
260 ## - PUBLICATION, DISTRIBUTION, ETC. (IMPRINT)
Place of publication, distribution, etc Uttar Pradesh
Name of publisher, distributor, etc Pearson India Education Pvt Ltd
Date of publication, distribution, etc 2025
270 ## - ADDRESS
City Uttar Pradesh
Address 1st FLoor, Berger Tower, Plot No. C-001A/2, Sector-16B, Noida
Postal code 201301
300 ## - PHYSICAL DESCRIPTION
Extent xxiv,605p.
Dimensions 25cm(pb)
Other physical details Index
500 ## - GENERAL NOTE
General note
700 ## - ADDED ENTRY--PERSONAL NAME
Personal name Young, Philip K.
Relator term Author
9 (RLIN) 74195
700 ## - ADDED ENTRY--PERSONAL NAME
Personal name Erfle, Steve
Relator term Author
9 (RLIN) 74196
700 ## - ADDED ENTRY--PERSONAL NAME
Personal name Banerjee, Sreejata
Relator term Author
9 (RLIN) 74197
942 ## - ADDED ENTRY ELEMENTS (KOHA)
Source of classification or shelving scheme Dewey Decimal Classification
Item type English Books
Classification part 330
Call number suffix KEA
Edition 7
Holdings
Withdrawn status Lost status Not for loan Collection code Home library Current library Date acquired Source of acquisition Cost, normal purchase price Full call number Barcode Copy number Cost, replacement price Koha item type
      Non-fiction Sarojini Nagar Sarojini Nagar 28/11/2024 Delivery of Books Act Division 835.00 330 KEA EN-126226 1 835.00 English Books

© Delhi Public Library
Hit Counter
free hit counter